[Event "GER-ch U25-C"]
[Site "Willingen"]
[Date "2023.05.31"]
[Round "6"]
[White "Boeker, Maximilian"]
[Black "Geschke, Jonathan"]
[Result "1-0"]
[WhiteElo "969"]
[BlackElo "1258"]
[PlyCount "50"]
[EventDate "2023.05.27"]
[EventType "swiss"]
[EventRounds "9"]
[EventCountry "GER"]
[SourceTitle "CBM 214 Extra"]
[Source "ChessBase"]
[SourceDate "2023.07.31"]
[SourceVersion "1"]
[SourceVersionDate "2023.07.31"]
[SourceQuality "1"]

1. e4 e5 2. Nf3 Nc6 3. Bc4 Nf6 4. Ng5 d5 5. exd5 Na5 6. Bb5+ c6 7. dxc6 bxc6 8. Be2 h6 9. Nf3 e4 10. Ng1 Bd6 11. d3 exd3 12. Bxd3 0-0 13. Ne2 Re8 14. 0-0 Bxh2+ 15. Kxh2 Ng4+ 16. Kg1 Qh4 17. Bf4 g5 18. Bg3 Qh5 19. Nd4 c5 20. Nf5 Nc4 21. Qxg4 Qxg4 22. Nxh6+ Kg7 23. Nxg4 Nxb2 24. Be5+ Kf8 25. Bxb2 Bxg4 1-0

[Event "GER-ch U25-C"]
[Site "Willingen"]
[Date "2023.05.28"]
[Round "1"]
[White "Hendler, Maximilian"]
[Black "Geschke, Jonathan"]
[Result "1/2-1/2"]
[WhiteElo "971"]
[BlackElo "1258"]
[PlyCount "42"]
[EventDate "2023.05.27"]
[EventType "swiss"]
[EventRounds "9"]
[EventCountry "GER"]
[SourceTitle "CBM 214 Extra"]
[Source "ChessBase"]
[SourceDate "2023.07.31"]
[SourceVersion "1"]
[SourceVersionDate "2023.07.31"]
[SourceQuality "1"]

1. e4 e5 2. Nf3 Nc6 3. Bc4 Bc5 4. c3 Nf6 5. d4 exd4 6. cxd4 Bb4+ 7. Bd2 0-0 8. Bxb4 Nxb4 9. e5 Nfd5 10. a3 Nb6 11. Bxf7+ Rxf7 12. axb4 d6 13. h3 Bf5 14. Nbd2 Re7 15. 0-0 dxe5 16. dxe5 Qe8 17. Qb3+ Kh8 18. Qc3 a6 19. Nc4 Nxc4 20. Qxc4 Rd8 21. Rfd1 Red7 1/2-1/2

[Event "GER-chT U12"]
[Site "Muenchen"]
[Date "2022.12.27"]
[Round "2"]
[White "Geschke, Jonathan"]
[Black "Kalinin, Alexej"]
[Result "0-1"]
[WhiteElo "1151"]
[BlackElo "1330"]
[PlyCount "130"]
[EventDate "2022.12.26"]
[EventType "team-swiss"]
[EventRounds "7"]
[EventCountry "GER"]
[SourceTitle "CBM 212 Extra"]
[Source "ChessBase"]
[SourceDate "2023.03.31"]
[SourceVersion "1"]
[SourceVersionDate "2023.03.31"]
[SourceQuality "1"]
[WhiteTeam "Fritzdorf"]
[BlackTeam "Weimar"]
[WhiteTeamCountry "GER"]
[BlackTeamCountry "GER"]

1. e4 d5 2. exd5 Qxd5 3. Nc3 Qa5 4. Nf3 Nf6 5. Be2 Bf5 6. d3 c6 7. Bf4 h6 8. 0-0 e6 9. Re1 Qd8 10. Qd2 Bd6 11. Bxd6 Qxd6 12. Rad1 0-0 13. d4 Nbd7 14. Bd3 Bxd3 15. Qxd3 Rad8 16. h3 Rfe8 17. Qd2 Nb6 18. Ne4 Nxe4 19. Rxe4 Nd5 20. Rg4 Nf6 21. Rg3 Ne4 22. Qe1 Nxg3 23. fxg3 c5 24. c3 cxd4 25. cxd4 Qb6 26. Qf2 e5 27. Kh2 e4 28. Nh4 e3 29. Qe2 Rxd4 30. Rxd4 Qxd4 31. Nf5 Qd2 32. Qg4 Qxb2 33. Nxh6+ Kf8 34. Nf5 Qf6 35. Qh5 g6 36. Qh6+ Kg8 37. Nxe3 Qg7 38. Qf4 Qe5 39. Ng4 Qxf4 40. gxf4 Kg7 41. Ne5 f6 42. Nc4 Rd8 43. Na5 b6 44. Nc6 Rd7 45. Kg3 a5 46. Kg4 Rd2 47. g3 Rxa2 48. h4 f5+ 49. Kg5 Rg2 50. h5 Rxg3+ 51. Kh4 Rg4+ 52. Kh3 gxh5 53. Ne5 Rxf4 54. Kg3 Re4 55. Kh3 Rxe5 56. Kh4 f4 57. Kh3 Rg5 58. Kh2 f3 59. Kh1 b5 60. Kh2 b4 61. Kh3 b3 62. Kh4 Kg6 63. Kh3 b2 64. Kh2 b1Q 65. Kh3 Qh1# 0-1